000 00944nam a2200253 4500
005 20250919075346.0
008 220906b ||||| |||| 00| 0 eng d
020 _a9789718219492
082 _aDFil 371.9 F825 2020
100 _aBoholano, Helen B.
_945879
245 _aFoundations of special and inclusive education /
_cHelen B. Boholano and seven others.
260 _aMalabon City :
_bMutya Publishing House, Inc.,
_c©2020.
300 _a245 pages :
_billustrations ;
_c25cm.
500 _aIncludes bibliographical references.
650 _aSpecial education.
_945880
700 _aBacasmot, Jocelyn B.
_eauthor.
_945881
700 _aCortes, Venus M.
_eauthor.
_945882
700 _aGenara, Pacana B.
_eauthor.
_945883
700 _aChua, Liza L.
_eauthor.
_945884
700 _aCapuno, Reylan G.
_eauthor.
_9213
700 _aBacaltos, Richel N.
_eauthor.
_945885
700 _aCajes, Roberto C.
_eauthor.
_945886
942 _2ddc
_cDFIL
999 _c17253
_d17253